000
00205 a2200097 4500
001
4924
100
_a
Barron,RS
245
_a
Mechanics of properties of matter
260
_a
_b
UTP
_c
090
_c
4109
_d
4109
942
_a
NUST-CAE
_c
M
_c
30389
999
_c
239997
_d
239997